[Event "Rio de Janeiro op 3rd"]
[Site "Rio de Janeiro"]
[Date "2024.04.22"]
[Round "1"]
[White "Dias, Matheus Braga"]
[Black "Rodrigues Jr, Robson Nunes"]
[Result "1-0"]
[WhiteElo "1960"]
[BlackElo "1800"]
[PlyCount "83"]
[EventDate "2024.04.22"]
[EventType "swiss"]
[EventRounds "9"]
[EventCountry "BRA"]
[SourceTitle "CB18_2024"]
[SourceDate "2024.05.01"]
[SourceVersion "1"]
[SourceVersionDate "2024.05.01"]
[SourceQuality "2"]

1. d4 e6 2. c4 c6 3. Nc3 d5 4. cxd5 cxd5 5. Nf3 Bb4 6. e3 Nf6 7. Bd3 b6 8. Qa4+ Nc6 9. Bb5 Bxc3+ 10. bxc3 0-0 11. Bxc6 Bd7 12. Bxd7 Nxd7 13. 0-0 f5 14. c4 Rf6 15. Ba3 Rh6 16. Rac1 g5 17. g3 g4 18. Nh4 Nf6 19. Qb4 dxc4 20. Rxc4 Ne4 21. Qe7 Nd2 22. Rc7 Qxe7 23. Bxe7 Nxf1 24. Kxf1 Rh5 25. Bf6 Re8 26. Ke2 f4 27. Be5 f3+ 28. Kd3 Rd8 29. Ke4 Rg5 30. Kf4 h6 31. Rxa7 Rc8 32. Rc7 Ra8 33. Rc2 b5 34. e4 b4 35. Rb2 Ra6 36. Bf6 Rga5 37. Rxb4 Rxa2 38. Rb7 h5 39. Rg7+ Kf8 40. Ng6+ Ke8 41. Ne5 Kf8 42. Rh7 1-0

[Event "Niteroi Carvalho Memorial"]
[Site "Niteroi"]
[Date "2023.11.04"]
[Round "4"]
[White "Fontana Filho, Richard Touceda"]
[Black "Dias, Matheus Braga"]
[Result "0-1"]
[WhiteElo "1171"]
[BlackElo "1918"]
[PlyCount "54"]
[EventDate "2023.11.02"]
[EventType "swiss"]
[EventRounds "6"]
[EventCountry "BRA"]
[SourceTitle "CB49_2023"]
[SourceDate "2023.12.06"]
[SourceVersion "1"]
[SourceVersionDate "2023.12.06"]
[SourceQuality "1"]

1. e4 c5 2. Nf3 d6 3. Bb5+ Bd7 4. Bxd7+ Qxd7 5. Nc3 Nf6 6. 0-0 Nc6 7. d3 g6 8. Bg5 Bg7 9. Qd2 h6 10. Bh4 g5 11. Bg3 Nh5 12. Qe2 0-0-0 13. Nd2 Nxg3 14. fxg3 Nd4 15. Qd1 f5 16. exf5 Nxf5 17. Re1 Bd4+ 18. Kh1 Ne3 19. Rxe3 Bxe3 20. Nc4 Bd4 21. Qe2 d5 22. Ne5 Qe6 23. Re1 Rhf8 24. h3 Rf2 25. Qg4 Qxg4 26. Nxg4 Bxc3 27. bxc3 Rxc2 0-1

[Event "Niteroi Carvalho Memorial"]
[Site "Niteroi"]
[Date "2023.11.02"]
[Round "1"]
[White "Da Rocha, Joao Batista Jose"]
[Black "Dias, Matheus Braga"]
[Result "1/2-1/2"]
[WhiteElo "1663"]
[BlackElo "1918"]
[PlyCount "78"]
[EventDate "2023.11.02"]
[EventType "swiss"]
[EventRounds "6"]
[EventCountry "BRA"]
[SourceTitle "CB49_2023"]
[SourceDate "2023.12.06"]
[SourceVersion "1"]
[SourceVersionDate "2023.12.06"]
[SourceQuality "1"]

1. d4 Nf6 2. c4 g6 3. Nf3 Bg7 4. g3 0-0 5. Bg2 d5 6. cxd5 Qxd5 7. Nc3 Qh5 8. Bf4 c5 9. Bxb8 Rxb8 10. dxc5 Bh3 11. 0-0 Bxg2 12. Kxg2 Qxc5 13. Rc1 h6 14. e3 Rfd8 15. Qe2 Qh5 16. Rfd1 e5 17. Rxd8+ Rxd8 18. Rd1 Re8 19. Ng1 Qf5 20. Qf3 e4 21. Qxf5 gxf5 22. Nge2 Ng4 23. Rd7 b5 24. Rxa7 b4 25. Nd5 Bh8 26. h3 Ne5 27. h4 Nf3 28. Ne7+ Kf8 29. Nxf5 Bg7 30. Nxg7 Kxg7 31. Rb7 Ne1+ 32. Kf1 Nd3 33. a3 Ra8 34. Re7 bxa3 35. bxa3 Rxa3 36. Rxe4 Ra1+ 37. Kg2 Ne1+ 38. Kh2 Nf3+ 39. Kg2 Ne1+ 1/2-1/2

[Event "Niteroi op 3rd"]
[Site "Niteroi"]
[Date "2023.09.09"]
[Round "8"]
[White "Dias, Matheus Braga"]
[Black "Zampronha, Wladimir Camilo"]
[Result "1/2-1/2"]
[WhiteElo "1898"]
[BlackElo "2170"]
[PlyCount "32"]
[EventDate "2023.09.04"]
[EventType "swiss"]
[EventRounds "9"]
[EventCountry "BRA"]
[SourceTitle "EXT 2024"]
[Source "ChessBase"]
[SourceDate "2023.10.10"]
[SourceVersion "1"]
[SourceVersionDate "2023.10.10"]
[SourceQuality "1"]

1. Nf3 Nf6 2. d4 e6 3. Bg5 d5 4. e3 Be7 5. Nbd2 0-0 6. Ne5 c5 7. c3 b6 8. f4 Ne8 9. Bxe7 Qxe7 10. Bd3 f6 11. Bxh7+ Kxh7 12. Qh5+ Kg8 13. Ng6 Qd6 14. Qh8+ Kf7 15. Qh5 Kg8 16. Qh8+ Kf7 1/2-1/2

[Event "Pindamonhangaba op 7th"]
[Site "Pindamonhangaba"]
[Date "2023.03.26"]
[Round "4"]
[White "Dias, Matheus Braga"]
[Black "Shukair, Said Nahi"]
[Result "1-0"]
[WhiteElo "1885"]
[BlackElo "1333"]
[PlyCount "77"]
[EventDate "2023.03.24"]
[EventType "swiss"]
[EventRounds "5"]
[EventCountry "BRA"]
[SourceTitle "CBM 213 Extra"]
[Source "ChessBase"]
[SourceDate "2023.05.31"]
[SourceVersion "1"]
[SourceVersionDate "2023.05.31"]
[SourceQuality "1"]

1. e4 c5 2. Nf3 d6 3. c4 Nf6 4. Nc3 a6 5. d4 cxd4 6. Nxd4 e6 7. f3 Be7 8. Be3 0-0 9. Qd2 Nc6 10. Nc2 Qa5 11. a3 Rd8 12. Qf2 Qh5 13. 0-0-0 d5 14. exd5 exd5 15. Bb6 Rd6 16. c5 Re6 17. Bd3 Qh6+ 18. Kb1 Bd8 19. Bxd8 Nxd8 20. h4 d4 21. Nxd4 Qe3 22. Qxe3 Rxe3 23. Rhe1 Rxe1 24. Rxe1 Bd7 25. g4 Nc6 26. Nf5 Bxf5 27. Bxf5 g6 28. g5 Re8 29. Rxe8+ Nxe8 30. Bc8 Ne5 31. Bxb7 Nxf3 32. Bxf3 Kf8 33. Nd5 a5 34. b4 axb4 35. axb4 Ng7 36. Bg4 Ke8 37. b5 Ne6 38. Bxe6 fxe6 39. Nc7+ 1-0

[Event "Niteroi op 2nd"]
[Site "Niteroi"]
[Date "2022.09.07"]
[Round "9"]
[White "Ferreira, Marcone Fiuza"]
[Black "Dias, Matheus Braga"]
[Result "0-1"]
[WhiteElo "1991"]
[BlackElo "1877"]
[PlyCount "102"]
[EventDate "2022.09.01"]
[EventType "swiss"]
[EventRounds "9"]
[EventCountry "BRA"]
[SourceTitle "EXT 2024"]
[Source "ChessBase"]
[SourceDate "2023.10.10"]
[SourceVersion "1"]
[SourceVersionDate "2023.10.10"]
[SourceQuality "1"]

1. e4 c5 2. Nf3 d6 3. Bb5+ Bd7 4. Bxd7+ Qxd7 5. 0-0 Nc6 6. d4 cxd4 7. Nxd4 Nf6 8. Nc3 g6 9. h3 Bg7 10. Be3 0-0 11. Nxc6 Qxc6 12. Nd5 Nxd5 13. exd5 Qc4 14. c3 b5 15. Re1 Be5 16. Qb3 Rfc8 17. f4 Bf6 18. Rad1 Qxb3 19. axb3 b4 20. cxb4 Rc2 21. Bd4 Bxd4+ 22. Rxd4 Rxb2 23. Rxe7 Rc8 24. Rd3 Rcc2 25. Rg3 h5 26. Rxa7 Rc1+ 27. Kh2 Rbb1 28. Rxg6+ fxg6 29. Kg3 Rxb3+ 30. Kh4 Rxb4 31. Kg5 Rc8 32. Rd7 Rb2 33. g4 hxg4 34. hxg4 Rf2 35. Rxd6 Kf7 36. Rf6+ Ke7 37. Re6+ Kd7 38. Rxg6 Rc5 39. Ra6 Rxd5+ 40. f5 Rd4 41. Ra7+ Kd6 42. Ra6+ Kd5 43. Ra5+ Ke4 44. f6 Rd5+ 45. Rxd5 Kxd5 46. Kg6 Ke6 47. g5 Rf5 48. Kh6 Kf7 49. Kh5 Rf1 50. Kg4 Kg6 51. Kh4 Rf4+ 0-1

[Event "Rio de Janeiro Estadual Cup"]
[Site "Rio de Janeiro"]
[Date "2022.07.24"]
[Round "4"]
[White "Ramos, Angelo Bil"]
[Black "Dias, Matheus Braga"]
[Result "1/2-1/2"]
[WhiteElo "1996"]
[BlackElo "1851"]
[PlyCount "116"]
[EventDate "2022.07.23"]
[EventType "swiss"]
[EventRounds "6"]
[EventCountry "BRA"]
[SourceTitle "EXT 2023"]
[Source "ChessBase"]
[SourceDate "2022.10.05"]
[SourceVersion "1"]
[SourceVersionDate "2022.10.05"]
[SourceQuality "1"]

1. d4 Nf6 2. c4 g6 3. Nc3 d5 4. cxd5 Nxd5 5. e4 Nxc3 6. bxc3 c5 7. Be3 Bg7 8. Qd2 Qa5 9. Rc1 0-0 10. Nf3 Bg4 11. d5 Bxf3 12. gxf3 Nd7 13. c4 Qd8 14. Be2 Re8 15. h4 h5 16. f4 e6 17. e5 Rc8 18. Bf3 exd5 19. cxd5 b5 20. Kf1 a5 21. e6 fxe6 22. dxe6 Nb6 23. Qxd8 Rcxd8 24. Rxc5 Bd4 25. Bxd4 Rxd4 26. f5 gxf5 27. Rxf5 Rxe6 28. Rg1+ Kh7 29. Rxh5+ Rh6 30. Rxb5 Rb4 31. Rxb4 axb4 32. h5 Rf6 33. Be4+ Kh6 34. Rg6+ Rxg6 35. hxg6 Na4 36. Bc2 Nc3 37. Bb3 Kxg6 38. Kg2 Kg5 39. Kf3 Kf5 40. Ke3 Ke5 41. f3 Kf5 42. f4 Kf6 43. Kf3 Nb5 44. Kg4 Nd4 45. Ba4 Ne2 46. Bb5 Nc3 47. Bc4 Ne4 48. f5 Nc3 49. Be6 Nb1 50. Kf4 Nc3 51. Bc4 Nb1 52. Bb3 Nc3 53. Be6 Nb1 54. Ke3 Nc3 55. Kd4 Nxa2 56. Kc4 Nc3 57. Kxb4 Ne2 58. Kc4 Ng3 1/2-1/2

[Event "Rio de Janeiro Estadual Cup"]
[Site "Rio de Janeiro"]
[Date "2022.07.23"]
[Round "1"]
[White "Dias, Matheus Braga"]
[Black "Campos, Alexandre Ferreira"]
[Result "1-0"]
[WhiteElo "1851"]
[BlackElo "2054"]
[PlyCount "71"]
[EventDate "2022.07.23"]
[EventType "swiss"]
[EventRounds "6"]
[EventCountry "BRA"]
[SourceTitle "EXT 2023"]
[Source "ChessBase"]
[SourceDate "2022.10.05"]
[SourceVersion "1"]
[SourceVersionDate "2022.10.05"]
[SourceQuality "1"]

1. e4 c5 2. Nf3 Nc6 3. d4 cxd4 4. Nxd4 Nf6 5. Nc3 e5 6. Ndb5 d6 7. Bg5 Be7 8. Bxf6 gxf6 9. Bc4 a6 10. Qh5 axb5 11. Qxf7+ Kd7 12. Nxb5 Qf8 13. Qh5 Qg7 14. 0-0 Qg6 15. Qe2 Nd4 16. Nxd4 exd4 17. Qd3 Kc7 18. Bd5 Bd7 19. Qxd4 f5 20. Rfe1 Bf6 21. Qc4+ Bc6 22. exf5 Qxf5 23. Bxc6 bxc6 24. Qf7+ Kb6 25. Re3 Rhf8 26. Rb3+ Kc5 27. Qc7 Qxc2 28. Rb6 Qxf2+ 29. Kh1 Be5 30. Qxc6+ Kd4 31. Rd1+ Ke3 32. Rb3+ Kf4 33. Rf3+ Qxf3 34. gxf3 Kf5 35. Qe4+ Ke6 36. f4 1-0

[Event "Rio de Janeiro Guanabara op 1st"]
[Site "Rio de Janeiro"]
[Date "2022.04.17"]
[Round "5"]
[White "Dias, Matheus Braga"]
[Black "Lima, Stefan Moisei Vieir"]
[Result "1/2-1/2"]
[WhiteElo "1781"]
[BlackElo "1820"]
[PlyCount "62"]
[EventDate "2022.04.09"]
[EventType "swiss"]
[EventRounds "6"]
[EventCountry "BRA"]
[SourceTitle "EXT 2023"]
[Source "ChessBase"]
[SourceDate "2022.10.05"]
[SourceVersion "1"]
[SourceVersionDate "2022.10.05"]
[SourceQuality "1"]

1. e4 c5 2. c4 Nc6 3. g3 g6 4. Bg2 Bg7 5. Ne2 e5 6. 0-0 Nge7 7. Nbc3 d6 8. d3 0-0 9. Rb1 Be6 10. Nd5 Qd7 11. a3 Bh3 12. b4 Bxg2 13. Kxg2 f5 14. f3 Rf7 15. b5 Nd4 16. Nxd4 exd4 17. Bg5 Nxd5 18. exd5 h6 19. Bd2 Re8 20. Re1 Rfe7 21. Rxe7 Qxe7 22. Kf2 g5 23. Qf1 Bf6 24. Re1 Qf7 25. Rxe8+ Qxe8 26. Qe2 Qxe2+ 27. Kxe2 Kf7 28. a4 b6 29. a5 Kg6 30. a6 Be7 31. Be1 g4 1/2-1/2

[Event "Rio de Janeiro Guanabara op 1st"]
[Site "Rio de Janeiro"]
[Date "2022.04.16"]
[Round "4"]
[White "Lima, Darcy Gustavo Macha"]
[Black "Dias, Matheus Braga"]
[Result "1-0"]
[WhiteElo "2491"]
[BlackElo "1781"]
[PlyCount "53"]
[EventDate "2022.04.09"]
[EventType "swiss"]
[EventRounds "6"]
[EventCountry "BRA"]
[SourceTitle "EXT 2023"]
[Source "ChessBase"]
[SourceDate "2022.10.05"]
[SourceVersion "1"]
[SourceVersionDate "2022.10.05"]
[SourceQuality "1"]

1. c4 g6 2. d4 Nf6 3. Nc3 d5 4. Nf3 Bg7 5. Bg5 dxc4 6. e4 0-0 7. Bxc4 Bg4 8. Be2 c5 9. d5 Nbd7 10. 0-0 Rc8 11. Re1 h6 12. Be3 a6 13. Qd2 Bxf3 14. Bxf3 g5 15. h4 g4 16. Bd1 h5 17. Bf4 Nb6 18. Bb3 c4 19. Bc2 Qd7 20. Rad1 Rfd8 21. Qe3 Na8 22. e5 Nh7 23. Bh6 f6 24. Bxg7 Kxg7 25. exf6+ Nxf6 26. Qg5+ Kf8 27. Bf5 1-0

[Event "Rio de Janeiro Cortinhas Memorial 2nd"]
[Site "Rio de Janeiro"]
[Date "2018.05.26"]
[Round "2"]
[White "De Albuquerque, Ian Telek C"]
[Black "Dias, Matheus Braga"]
[Result "0-1"]
[WhiteElo "1619"]
[BlackElo "1805"]
[PlyCount "100"]
[EventDate "2018.05.25"]
[EventType "swiss"]
[EventRounds "5"]
[EventCountry "BRA"]
[SourceTitle "CBM 184 Extra"]
[Source "ChessBase"]
[SourceDate "2018.06.28"]
[SourceVersion "1"]
[SourceVersionDate "2018.06.28"]
[SourceQuality "1"]

1. e4 c5 2. Nc3 g6 3. Bc4 Bg7 4. Qf3 e6 5. Nb5 d6 6. Qg3 e5 7. Qb3 Nh6 8. d3 0-0 9. a4 a6 10. Nc3 Nc6 11. Nf3 Rb8 12. Bg5 Qa5 13. Bd2 Qb4 14. Qa2 Qb6 15. a5 Qa7 16. Nd5 Be6 17. c3 Bxd5 18. Bxd5 Ne7 19. Bb3 b5 20. Bg5 Ng4 21. h3 Nf6 22. Qb1 Qc7 23. 0-0 Nc6 24. Qc1 Nxa5 25. Bc2 Qb6 26. Bh6 Nc6 27. Qg5 Bxh6 28. Qxh6 Ra8 29. Ng5 c4 30. Kh1 Rfc8 31. f4 Qd8 32. fxe5 Nxe5 33. d4 Ned7 34. e5 dxe5 35. dxe5 Nxe5 36. Rad1 Nd3 37. Bxd3 cxd3 38. Rxd3 Qxd3 39. Rxf6 Qd1+ 40. Kh2 Qh5 41. Qxh5 gxh5 42. Rh6 Rc5 43. h4 a5 44. Rxh5 f6 45. Ne4 Rxh5 46. Nxf6+ Kf7 47. Nxh5 Rd8 48. Nf4 Rd2 49. b3 a4 50. bxa4 bxa4 0-1

[Event "Rio de Janeiro Motta Memorial 2nd"]
[Site "Rio de Janeiro"]
[Date "2018.03.20"]
[Round "5"]
[White "Dias, Matheus Braga"]
[Black "Almeida, Flavio Silva"]
[Result "1-0"]
[WhiteElo "1967"]
[BlackElo "1891"]
[PlyCount "71"]
[EventDate "2018.02.20"]
[EventType "swiss"]
[EventRounds "6"]
[EventCountry "BRA"]
[SourceTitle "CBM 183 Extra"]
[Source "ChessBase"]
[SourceDate "2018.04.19"]
[SourceVersion "1"]
[SourceVersionDate "2018.04.19"]
[SourceQuality "1"]

1. d4 d5 2. Nf3 Nf6 3. Bg5 Bf5 4. Nbd2 Nbd7 5. e3 h6 6. Bh4 e6 7. c4 c5 8. cxd5 exd5 9. Ne5 Qa5 10. Nxd7 Nxd7 11. Be2 cxd4 12. exd4 Bb4 13. a3 Bxd2+ 14. Qxd2 Qxd2+ 15. Kxd2 Rc8 16. Rac1 0-0 17. g4 Bg6 18. f4 Be4 19. Rhf1 Nb6 20. b3 f5 21. g5 hxg5 22. Bxg5 Kf7 23. h4 a6 24. h5 Na8 25. Rc5 Rxc5 26. dxc5 Nc7 27. a4 Ne6 28. b4 a5 29. Kc3 Rc8 30. Rc1 b6 31. Ba6 axb4+ 32. Kxb4 bxc5+ 33. Kb5 Rb8+ 34. Kc6 d4+ 35. Kd7 Rd8+ 36. Bxd8 1-0

[Event "Rio de Janeiro Motta Memorial 2nd"]
[Site "Rio de Janeiro"]
[Date "2018.03.13"]
[Round "4"]
[White "Dias, Matheus Braga"]
[Black "Pereira, Emmanuel"]
[Result "1-0"]
[WhiteElo "1967"]
[BlackElo "1681"]
[PlyCount "59"]
[EventDate "2018.02.20"]
[EventType "swiss"]
[EventRounds "6"]
[EventCountry "BRA"]
[SourceTitle "CBM 183 Extra"]
[Source "ChessBase"]
[SourceDate "2018.04.19"]
[SourceVersion "1"]
[SourceVersionDate "2018.04.19"]
[SourceQuality "1"]

1. d4 Nf6 2. Nf3 e6 3. Bg5 Bb4+ 4. c3 Be7 5. Nbd2 d5 6. e3 c5 7. Bd3 Nc6 8. 0-0 0-0 9. Ne5 Nd7 10. Bxe7 Nxe7 11. f4 Nf6 12. g4 cxd4 13. exd4 g6 14. Ndf3 Qb6 15. Qe2 Nc6 16. Kh1 Nxe5 17. Nxe5 a6 18. Rf3 Ne8 19. Rh3 f5 20. Rg1 Nf6 21. gxf5 exf5 22. Qg2 Ng4 23. Rh4 Nxe5 24. fxe5 Be6 25. Qg5 Rf7 26. Rxh7 Kxh7 27. Qxg6+ Kh8 28. Qh6+ Rh7 29. Qf6+ Rg7 30. Qxg7# 1-0

[Event "Rio de Janeiro Motta Memorial 2nd"]
[Site "Rio de Janeiro"]
[Date "2018.02.20"]
[Round "1"]
[White "Labre, Diogenes"]
[Black "Dias, Matheus Braga"]
[Result "1/2-1/2"]
[WhiteElo "1712"]
[BlackElo "1967"]
[PlyCount "107"]
[EventDate "2018.02.20"]
[EventType "swiss"]
[EventRounds "6"]
[EventCountry "BRA"]
[SourceTitle "CBM 183 Extra"]
[Source "ChessBase"]
[SourceDate "2018.04.19"]
[SourceVersion "1"]
[SourceVersionDate "2018.04.19"]
[SourceQuality "1"]

1. e4 c5 2. f4 g6 3. Nf3 Bg7 4. Nc3 Nc6 5. d3 e6 6. Be3 Nd4 7. e5 Qb6 8. Bxd4 cxd4 9. Ne4 Qb4+ 10. c3 dxc3 11. bxc3 Qa5 12. Nd6+ Ke7 13. Qd2 f6 14. d4 Nh6 15. Bc4 Nf7 16. Nxf7 Kxf7 17. 0-0 b5 18. Bb3 Bb7 19. d5 Rhd8 20. a4 Rac8 21. Rfc1 bxa4 22. Rxa4 Qb6+ 23. Nd4 fxe5 24. fxe5 Bxe5 25. Rb4 Qc7 26. dxe6+ dxe6 27. Nxe6 Bxh2+ 28. Kh1 Rxd2 29. Nxc7+ Kf6 30. Rxb7 Bxc7 31. Rxa7 h5 32. Ra6+ Kg5 33. Bc2 Rd6 34. Rxd6 Bxd6 35. Be4 Rc4 36. Rd1 Be5 37. Bf3 Rxc3 38. Kg1 Bg3 39. Kf1 Re3 40. Rd5+ Kf4 41. Rd4+ Kf5 42. Rd5+ Ke6 43. Rd1 h4 44. Ba8 g5 45. Bb7 Ke5 46. Bc8 Rc3 47. Bd7 Kf4 48. Rd4+ Ke3 49. Rd1 Rc2 50. Kg1 Rf2 51. Bc8 Rf8 52. Be6 Bf2+ 53. Kh1 Rf4 54. Bc8 1/2-1/2